SAT Words HARD Click Quiz - N - Statistics

General Stats
  • This quiz has been taken 368 times
  • The average score is 9 of 15
Answer Stats
Hint Answer % Correct
One who is prone to bouts of sudden sleep Narcoleptic
92%
Related to marriage Nuptial
90%
Lowest point Nadir
84%
Mythological freshwater nymph Naiad
80%
Night blindness Nyctalopia
80%
Baffled, bewildered Nonplussed
76%
Vaguely defined Nebulous
68%
Modern, innovative Neoteric
62%
Build or settle into a nest Nidificate
50%
Foggy, misty Nubilous
43%
Lacking knowledge; stupid Nescient
33%
Having no faith Nullifidian
32%
Having no importance; piffling Nugatory
27%
Spoken, not written Nuncupative
24%
In a state of immaturity Nonage
17%
No matching quizzes found
Score Distribution
Percent of People with Each Score
Percentile by Number Answered
Your Score History
You have not taken this quiz